Principles of functional analysis
Αποθηκεύτηκε σε:
| Κύριος συγγραφέας: | |
|---|---|
| Μορφή: | Βιβλίο |
| Γλώσσα: | English |
| Δημοσίευση: |
New York ; London :
Academic press,
c1971
|
| Έκδοση: | Student ed. |
| Θέματα: | |
| Ετικέτες: |
Προσθήκη ετικέτας
Δεν υπάρχουν, Καταχωρήστε ετικέτα πρώτοι!
|
MARC
| LEADER | 00000nam a2200000 i 4500 | ||
|---|---|---|---|
| 001 | 1/78134 | ||
| 008 | 990420s1971 eng d | ||
| 020 | |a 0-12-622751-9 | ||
| 035 | |l 10050078 | ||
| 040 | |a GR-MY-UA |b gre |e aacr | ||
| 041 | 0 | |a eng | |
| 082 | 0 | |a 515.7 | |
| 100 | 1 | |a Schechter, Martin. | |
| 245 | 1 | 0 | |a Principles of functional analysis / |c Martin Schechter |
| 250 | |a Student ed. | ||
| 260 | |a New York ; London : |b Academic press, |c c1971 | ||
| 300 | |a xix, 383 p.; |c 24 cm. | ||
| 500 | |a Includes bibliography | ||
| 650 | 0 | 0 | |a Functional analysis. |
| 852 | |a INST |b SAMOS |e 19990420 |h 515.7 SCH |p 005300014838 |q 005300014838 |t BK |y 0 | ||
| 901 | |a BIBL-1999-1 | ||
| 909 | |a Σ |b 064675 | ||
| 922 | |a 3ΕΛΗ |b 199903 |c ΚΠΣ |d GLORY | ||